Top 50 Airlines Skytrax 2024 - Statistiken

Allgemein
  • Dieses Quiz wurde 97 mal gespielt
  • Das Durchschnittsergebnis liegt bei 15 aus 50
Antwortstatistiken
Platz Airlines % Korrekt
18 Lufthansa
97%
3 Emirates
88%
1 Qatar Airways
76%
9 Air France
72%
13 British Airways
70%
21 Delta Air Lines
62%
2 Singapore Airlines
59%
7 Turkish Airlines
58%
19 Etihad Airways
55%
6 Japan Airlines
51%
42 United Airlines
50%
15 Iberia
43%
28 Austrian Airlines
42%
29 Air Canada
39%
22 Air New Zealand
39%
23 Finnair
37%
11 Korean Air
37%
33 Thai Airways
37%
24 Qantas Airways
32%
8 EVA Air
26%
20 Saudia
26%
36 Ethiopian Airlines
25%
44 China Airlines
24%
43 LATAM
24%
25 Oman Air
22%
17 Virgin Atlantic
21%
49 Aer Lingus
20%
5 Cathay Pacific Airways
18%
31 China Southern Airlines
18%
37 Asiana Airlines
17%
41 Gulf Air
17%
45 Vietnam Airlines
17%
34 Garuda Indonesia
16%
10 Swiss International Air Lines
16%
4 ANA All Nippon Airways
12%
12 Hainan Airlines
12%
39 Malaysia Airlines
12%
30 AirAsia
11%
38 Air Astana
9%
26 KLM Royal Dutch Airlines
9%
32 Scoot
9%
14 Fiji Airways
8%
40 Aegean Airlines
7%
16 Vistara
5%
27 Bangkok Airways
4%
48 Flynas
4%
35 STARLUX Airlines
4%
46 Azerbaijan Airlines
3%
50 Rex Airlines
3%
47 Volotea
3%
Keine übereinstimmenden Quizze gefunden
Verteilung der Resultate
Anzahl Personen mit jedem Resultat
Perzentil nach korrekt beantworteten Fragen
Ihre Resultats-Entwicklung
Sie haben dieses Quiz noch nicht gespielt